| 000 | 01624cam a22003733 4500 | ||
|---|---|---|---|
| 999 |
_c118203 _d118203 |
||
| 001 | FRBNF450811600000000 | ||
| 003 | BJBSDDR | ||
| 005 | 20230411090902.0 | ||
| 006 | a|||||r|||| 00| 0 | ||
| 007 | ta | ||
| 008 | 231122s2016 sp ||||| |||| 00| 0 spa d | ||
| 020 | _a9788490971437 | ||
| 020 | _a8490971439 | ||
| 035 | _aOCoLC950467978 | ||
| 040 |
_beng _cBJBSDDR |
||
| 041 | _aspa | ||
| 050 | 1 | 4 |
_aJN 8231 _bC199q 2016 |
| 100 | 1 |
_aCamps Cervera, Victoria, _d1941- _926481 |
|
| 245 | 1 | 1 |
_a¿Qué es el federalismo? / _cVictoria Camps, Joan Botella y Francesc Trillas. |
| 260 |
_aMadrid : _bLos Libros de la Catarata, _c2016. |
||
| 300 |
_a126 pages ; _c21 cm. |
||
| 410 | 0 |
_tLos Libros de la catarata _x1695-0690 _v580 |
|
| 490 | 1 |
_aMayor ; _v580 |
|
| 504 | _aIncludes bibliographical references. | ||
| 520 | _a"¿A qué nos referimos cuando hablamos de una España federal como algo deseable?. ¿Por qué las federaciones de Estados, de naciones o nacionalidades, responden más que ninguna otra organización política a las necesidades de un mundo globalizado? La filósofa Victoria Camps, junto con el politólogo Joan Botella y el economista Francesc Trillas argumentan en este ensayo las razones del federalismo y exponen de forma clara y rigurosa su concepto." | ||
| 650 | 4 |
_97800 _aFederalismo _zEspaña |
|
| 650 | 4 |
_95845 _aGobierno federal _zEspaña |
|
| 651 | 4 |
_93536 _aEspaña _xPolítica y gobierno |
|
| 700 | 1 |
_aBotella Corral, Juan _926484 |
|
| 700 | 1 |
_aTrillas Jané, Francesc _926485 |
|
| 830 | 0 |
_98479 _aLos Libros de la catarata ; |
|
| 930 |
_a321.02 CAMP q _dN |
||
| 942 |
_2lcc _cBK |
||